[Event "4NCL Division 2d"]
[Site "Hinckley Island ENG"]
[Date "2015.05.03"]
[Round "10.26"]
[White "Kett, Timothy J"]
[Black "Lock, Gavin R"]
[Result "1-0"]
[WhiteElo "2216"]
[BlackElo "2160"]
[PlyCount "107"]
[EventDate "2015.05.03"]
[WhiteTeam "Rhyfelwyr Essyllwg 1"]
[BlackTeam "Wessex"]

1. e4 e6 2. d4 d5 3. Nc3 Bb4 4. e5 c5 5. a3 Bxc3+ 6. bxc3 Qa5 7. Bd2 Qa4 8. Qb1
c4 9. g3 Nc6 10. Nh3 Bd7 11. Nf4 O-O-O 12. Qb2 f6 13. Rb1 b6 14. Bg2 fxe5 15.
dxe5 Nxe5 16. O-O Nf6 17. Rfe1 Ne4 18. Be3 Qc6 19. Bd4 Nf7 20. a4 g5 21. Bxh8
gxf4 22. Bxe4 dxe4 23. Bf6 Rg8 24. Qb5 Rg6 25. Be7 e5 26. Rb4 Qxb5 27. axb5 Re6
28. Rxc4+ Kb7 29. Bh4 Nd6 30. Rb4 Bxb5 31. Reb1 Bc6 32. c4 Kc7 33. c5 bxc5 34.
Rb8 Nf5 35. Bd8+ Kd7 36. Rd1+ Rd6 37. Rxd6+ Kxd6 38. gxf4 exf4 39. Bg5 f3 40.
Rh8 a5 41. Rxh7 a4 42. h4 e3 43. Bf4+ Ke6 44. Bxe3 Nxe3 45. fxe3 Be4 46. Ra7
Bxc2 47. h5 c4 48. h6 Kd5 49. Ra5+ Kc6 50. Rxa4 Kb5 51. Ra7 c3 52. h7 Bxh7 53.
Rxh7 Kc4 54. Kf2 1-0

[Event "4NCL Division 2d"]
[Site "Hinckley Island ENG"]
[Date "2015.05.03"]
[Round "10.27"]
[White "Adaway, William"]
[Black "Trevelyan, John"]
[Result "0-1"]
[WhiteElo "2102"]
[BlackElo "2112"]
[PlyCount "76"]
[EventDate "2015.05.03"]
[WhiteTeam "Wessex"]
[BlackTeam "Rhyfelwyr Essyllwg 1"]

1. Nf3 d6 2. d4 Nd7 3. c4 e5 4. g3 Ngf6 5. Bg2 Be7 6. O-O O-O 7. Nc3 c6 8. e3
exd4 9. Nxd4 Nb6 10. b3 d5 11. cxd5 Nbxd5 12. Nce2 c5 13. Nc2 Bg4 14. f3 Bd7
15. e4 Nb6 16. a4 c4 17. a5 cxb3 18. Ncd4 Nc4 19. Qxb3 Nxa5 20. Qc3 b6 21. Rd1
Rc8 22. Qd3 Bc5 23. Kh1 Qe7 24. Qa6 Rc7 25. Bf4 Bc8 26. Qb5 Rd7 27. Nc6 Nxc6
28. Qxc6 Rxd1+ 29. Rxd1 Rd8 30. Qa4 Rxd1+ 31. Qxd1 Bb7 32. Nc3 Qd7 33. Qe1 h6
34. Bf1 Qd4 35. Be2 Nxe4 36. Nb5 Qb2 37. Kg2 Ba6 38. Kh3 Bxb5 0-1

[Event "4NCL Division 2d"]
[Site "Hinckley Island ENG"]
[Date "2015.05.03"]
[Round "10.28"]
[White "Young, Alan"]
[Black "Simons, Martin J"]
[Result "1/2-1/2"]
[WhiteElo "2021"]
[BlackElo "2064"]
[PlyCount "73"]
[EventDate "2015.05.03"]
[WhiteTeam "Rhyfelwyr Essyllwg 1"]
[BlackTeam "Wessex"]

1. e4 Nc6 2. Nf3 d5 3. exd5 Qxd5 4. Nc3 Qa5 5. Bb5 Bd7 6. O-O O-O-O 7. d4 a6 8.
Bxc6 Bxc6 9. Ne5 Be8 10. b4 Qb6 11. Be3 f6 12. Nd3 Qc6 13. Nc5 e6 14. Qe2 Bxc5
15. dxc5 Ne7 16. a4 Nd5 17. Nxd5 exd5 18. b5 Qe6 19. c6 d4 20. Rfd1 Bxc6 21.
bxc6 dxe3 22. cxb7+ Kb8 23. fxe3 Rhe8 24. Ra3 Rxd1+ 25. Qxd1 Qc6 26. Qd3 g6 27.
Rb3 f5 28. Rb4 Qc5 29. Rd4 Ka7 30. Rc4 Qb6 31. a5 Qxa5 32. Qd4+ Kxb7 33. Rb4+
Ka8 34. Qc3 Qd5 35. Rd4 Qb7 36. Rb4 Qd5 37. Rd4 1/2-1/2

[Event "4NCL Division 2d"]
[Site "Hinckley Island ENG"]
[Date "2015.05.03"]
[Round "10.29"]
[White "de Coverly, Roger D"]
[Black "Brown, Tom"]
[Result "0-1"]
[WhiteElo "2020"]
[BlackElo "2042"]
[PlyCount "66"]
[EventDate "2015.05.03"]
[WhiteTeam "Wessex"]
[BlackTeam "Rhyfelwyr Essyllwg 1"]

1. Nf3 g6 2. d4 Nf6 3. g3 Bg7 4. Bg2 c5 5. O-O cxd4 6. Nxd4 Nc6 7. e4 O-O 8. c3
d5 9. exd5 Nxd5 10. Nxc6 bxc6 11. Nd2 Bf5 12. Nb3 e5 13. Bd2 Rb8 14. Rc1 a5 15.
c4 Nb4 16. Bxb4 Qxd1 17. Rfxd1 Rxb4 18. Nxa5 Rxb2 19. Nxc6 Re8 20. a4 Bf8 21.
c5 e4 22. Nd4 Bg4 23. Re1 Bh6 24. f4 Rb4 25. Nb5 Bf8 26. Nc7 Rd8 27. Bxe4 Rxa4
28. c6 Bb4 29. Bc2 Bc5+ 30. Kf1 Bh3+ 31. Ke2 Ra3 32. Be4 Re3+ 33. Kf2 Rd2+ 0-1

[Event "4NCL Division 2d"]
[Site "Hinckley Island ENG"]
[Date "2015.05.03"]
[Round "10.30"]
[White "Hewitt, William AR"]
[Black "Bellers, Christopher JV"]
[Result "1/2-1/2"]
[WhiteElo "2061"]
[BlackElo "2029"]
[PlyCount "123"]
[EventDate "2015.05.03"]
[WhiteTeam "Rhyfelwyr Essyllwg 1"]
[BlackTeam "Wessex"]

1. e4 g6 2. d4 Bg7 3. Nc3 c5 4. Nf3 Qa5 5. Be3 Nf6 6. Qd2 Nc6 7. dxc5 Ng4 8.
Bc4 Nxe3 9. Qxe3 b6 10. cxb6 Qxb6 11. Qxb6 Bxc3+ 12. bxc3 axb6 13. a4 Ba6 14.
Bd3 O-O 15. Kd2 d6 16. Rhb1 Rfb8 17. Nd4 Na5 18. Rb4 e5 19. Nb5 Nc6 20. Rbb1
Bxb5 21. Rxb5 Ne7 22. Rab1 Rxa4 23. Rxb6 Rxb6 24. Rxb6 d5 25. exd5 Nxd5 26. Ra6
Rxa6 27. Bxa6 Kf8 28. c4 Nc7 29. Bb7 Ne6 30. Bd5 Nc5 31. Kc3 Ke7 32. Kb4 Kd6
33. Bxf7 g5 34. Bg8 h6 35. Bd5 Na6+ 36. Kb5 Nc5 37. h3 Nd7 38. Be4 Nc5 39. Bf5
Nb7 40. Bc8 Nc5 41. Bf5 Nb7 42. g3 Nc5 43. h4 gxh4 44. gxh4 Nb7 45. h5 Nc5 46.
f3 Nb7 47. Kb4 Nc5 48. Be4 Nb7 49. Bf5 Nc5 50. Kb5 Nb7 51. Bc8 Nc5 52. Kb4 e4
53. fxe4 Nxe4 54. Bf5 Nc5 55. Bg6 Nb7 56. Bf7 Nc5 57. Bd5 Nd7 58. Kb5 Nc5 59.
Kb6 Nd7+ 60. Kb7 Nf6 61. Bf3 Nd7 62. Bd5 1/2-1/2

[Event "4NCL Division 2d"]
[Site "Hinckley Island ENG"]
[Date "2015.05.03"]
[Round "10.31"]
[White "Marsh, Roger DW"]
[Black "Martin Perez, Javier"]
[Result "1-0"]
[WhiteElo "2011"]
[BlackElo "2038"]
[PlyCount "71"]
[EventDate "2015.05.03"]
[WhiteTeam "Wessex"]
[BlackTeam "Rhyfelwyr Essyllwg 1"]

1. d4 d5 2. c4 c6 3. cxd5 cxd5 4. Nc3 Nf6 5. Nf3 Nc6 6. Bf4 Bf5 7. Qb3 Na5 8.
Qa4+ Bd7 9. Qc2 Rc8 10. e3 Ne4 11. Bd3 Nxc3 12. bxc3 Qb6 13. Ne5 Bb5 14. Rb1 a6
15. Bxb5+ axb5 16. Qf5 Qe6 17. Qxe6 fxe6 18. Rxb5 Ra8 19. O-O g6 20. Ra1 Bg7
21. Nd3 Kf7 22. Bc7 Nc4 23. a4 Ra7 24. Nc5 Rc8 25. Bb6 Raa8 26. Nxb7 Ra6 27.
Bc5 Ke8 28. Bb4 Rca8 29. Nc5 Rc6 30. Nd3 Rca6 31. a5 R6a7 32. Nc5 e5 33. Ne6
Bf6 34. Rxd5 Kf7 35. Nd8+ Ke8 36. Nc6 1-0

[Event "4NCL Division 2d"]
[Site "Hinckley Island ENG"]
[Date "2015.05.03"]
[Round "10.32"]
[White "Choo Yin, Benjamin"]
[Black "Zhou, Yang-Jian"]
[Result "1-0"]
[WhiteElo "1597"]
[BlackElo "1889"]
[PlyCount "91"]
[EventDate "2015.05.03"]
[WhiteTeam "Rhyfelwyr Essyllwg 1"]
[BlackTeam "Wessex"]

1. c4 c5 2. g3 Nc6 3. Bg2 g6 4. Nf3 Bg7 5. Nc3 e6 6. e3 d5 7. cxd5 exd5 8. d4
c4 9. Nd2 Nf6 10. b3 Qa5 11. Na4 c3 12. Nf3 Ne4 13. O-O Nb4 14. Ba3 b5 15. Bxb4
Qxb4 16. a3 Qe7 17. Nxc3 Nxc3 18. Qc2 Ne4 19. Qc6+ Qd7 20. Qxa8 O-O 21. Qb8 Ba6
22. Qf4 f6 23. Rfc1 Rc8 24. Rxc8+ Qxc8 25. Ne1 Qc3 26. Bxe4 dxe4 27. Rb1 Qc6
28. Qb8+ Bf8 29. b4 Bb7 30. Qxa7 Bd6 31. Rd1 f5 32. d5 Qc8 33. Qb6 Qd7 34. Nc2
f4 35. exf4 Bxf4 36. Ne3 Bd6 37. Rc1 h5 38. Qd4 Qe7 39. Ng2 Qg5 40. Re1 Kf7 41.
Qxe4 Be7 42. Qe6+ Kf8 43. Nf4 Bf6 44. Qe8+ Kg7 45. Ne6+ Kh6 46. Nxg5 1-0

[Event "4NCL Division 2d"]
[Site "Hinckley Island ENG"]
[Date "2015.05.04"]
[Round "11.251"]
[White "Martin, Lewis"]
[Black "Snuverink, Jochem"]
[Result "0-1"]
[WhiteElo "2147"]
[BlackElo "2373"]
[PlyCount "64"]
[EventDate "2015.05.04"]
[WhiteTeam "Brown Jack Witney"]
[BlackTeam "Kings Head"]

1. Nf3 Nf6 2. b3 c5 3. Bb2 e6 4. e3 Be7 5. d4 O-O 6. Bd3 cxd4 7. Nxd4 Nc6 8.
O-O d6 9. Nd2 Nb4 10. Be2 e5 11. Nb5 a6 12. Na3 Bf5 13. Nf3 Qc7 14. c4 Rfd8 15.
Qd2 Nc6 16. Rad1 Rac8 17. Qc1 h6 18. Nb1 Qb8 19. Nc3 b5 20. Qa1 b4 21. Nd5 a5
22. Nxe5 dxe5 23. Bxe5 Nxd5 24. Bxb8 Nc3 25. Rxd8+ Rxd8 26. Bf3 Nxb8 27. e4 Bg6
28. a3 Bf6 29. Qe1 Nc6 30. axb4 axb4 31. Qe3 Ne5 32. c5 Bg5 0-1

[Event "4NCL Division 2d"]
[Site "Hinckley Island ENG"]
[Date "2015.05.04"]
[Round "11.252"]
[White "McMichael, Richard J"]
[Black "Girdlestone, Paul"]
[Result "1-0"]
[WhiteElo "2176"]
[BlackElo "2155"]
[PlyCount "81"]
[EventDate "2015.05.04"]
[WhiteTeam "Kings Head"]
[BlackTeam "Brown Jack Witney"]

1. c4 e5 2. g3 Nc6 3. Bg2 g6 4. Nc3 Bg7 5. e3 Nge7 6. Nge2 h5 7. h4 Nf5 8. d3
O-O 9. Rb1 d6 10. b4 Re8 11. b5 Nce7 12. O-O Nh6 13. e4 Be6 14. Nd5 Kh7 15. d4
Nc8 16. Ne3 Ng4 17. d5 Bd7 18. a4 a5 19. bxa6 Rxa6 20. Nc3 Nb6 21. Nxg4 hxg4
22. Be3 Nxc4 23. Rxb7 Qc8 24. Rb4 Nb6 25. Qb3 Bh6 26. Bxh6 Kxh6 27. Rc1 Qa8 28.
Bf1 Ra5 29. Nb5 Bxb5 30. Bxb5 Re7 31. Qe3+ Kg7 32. Qg5 f6 33. Qxg4 Nxa4 34. h5
g5 35. Qf5 Rf7 36. Qg6+ Kf8 37. h6 Nc5 38. Be2 Ra1 39. Rxa1 Qxa1+ 40. Kg2 Ke7
41. Rb8 1-0

[Event "4NCL Division 2d"]
[Site "Hinckley Island ENG"]
[Date "2015.05.04"]
[Round "11.253"]
[White "Hackett, Dave"]
[Black "Guthrie, David W"]
[Result "1-0"]
[WhiteElo "2113"]
[BlackElo "2198"]
[PlyCount "73"]
[EventDate "2015.05.04"]
[WhiteTeam "Brown Jack Witney"]
[BlackTeam "Kings Head"]

1. e4 c5 2. Nc3 Nc6 3. g3 g6 4. Bg2 Bg7 5. d3 d6 6. f4 e5 7. Nh3 exf4 8. Nxf4
Nh6 9. Nfd5 Bg4 10. Bxh6 Bxc3+ 11. bxc3 Bxd1 12. Rxd1 Ne5 13. Bh3 Nf3+ 14. Ke2
Ng5 15. Bg4 f5 16. exf5 Nf7 17. Bg7 Qg5 18. Nf6+ Kd8 19. h4 Re8+ 20. Kf1 Qe3
21. Nxe8 Qxg3 22. Nf6 gxf5 23. Rh3 Qf4+ 24. Rf3 Qh2 25. Rf2 Qxh4 26. Bxf5 Qg5
27. Re1 Ne5 28. Bh8 Kc7 29. Nd5+ Kc6 30. Bxe5 dxe5 31. Rxe5 Qh4 32. Re6+ Kb5
33. Nc7+ Ka5 34. Nxa8 Qd8 35. Re5 Qxa8 36. Rxc5+ Kb6 37. Rc8 1-0

[Event "4NCL Division 2d"]
[Site "Hinckley Island ENG"]
[Date "2015.05.04"]
[Round "11.254"]
[White "Okike, David C"]
[Black "Rabbitt, Mike"]
[Result "1/2-1/2"]
[WhiteElo "2175"]
[BlackElo "2027"]
[PlyCount "100"]
[EventDate "2015.05.04"]
[WhiteTeam "Kings Head"]
[BlackTeam "Brown Jack Witney"]

1. e4 e5 2. Nf3 Nc6 3. Bb5 a6 4. Ba4 Nf6 5. O-O Be7 6. Re1 b5 7. Bb3 d6 8. c3
O-O 9. h3 Nd7 10. a4 Bb7 11. d4 Bf6 12. d5 Ne7 13. Be3 Nc5 14. Bxc5 dxc5 15. c4
b4 16. a5 Nc8 17. Nbd2 g6 18. Bc2 Bg7 19. Nb3 Qe7 20. Qd2 Rd8 21. Qe3 Bf8 22.
Bd3 Rd7 23. Re2 c6 24. Rc2 Rc7 25. Rac1 Na7 26. Be2 Re8 27. Ne1 cxd5 28. exd5
e4 29. g3 Bc8 30. h4 Bd7 31. Rd2 Qe5 32. Ra1 Nc8 33. Ng2 Bd6 34. Bf1 Ne7 35. f4
exf3 36. Qxe5 Bxe5 37. d6 fxg2 38. Bxg2 Rcc8 39. dxe7 Rxe7 40. Kf2 Bc6 41. Bh3
f5 42. Nxc5 Be8 43. Nxa6 Rxc4 44. Rad1 b3 45. Bf1 Rc2 46. Nb4 Rxd2+ 47. Rxd2
Bxb2 48. Bc4+ Bf7 49. Bxf7+ Kxf7 50. Rd3 Rc7 1/2-1/2

[Event "4NCL Division 2d"]
[Site "Hinckley Island ENG"]
[Date "2015.05.04"]
[Round "11.255"]
[White "Whatley, Stephen"]
[Black "Davey, Mark"]
[Result "0-1"]
[WhiteElo "2065"]
[BlackElo "2162"]
[PlyCount "86"]
[EventDate "2015.05.04"]
[WhiteTeam "Brown Jack Witney"]
[BlackTeam "Kings Head"]

1. d4 e6 2. Nf3 f5 3. Bg5 Be7 4. Bxe7 Qxe7 5. Nbd2 Nf6 6. e3 b6 7. c3 Bb7 8.
Bd3 d5 9. Ne5 Nbd7 10. Ndf3 O-O 11. O-O c5 12. Qc2 Nxe5 13. Nxe5 Nd7 14. f4
Nxe5 15. fxe5 c4 16. Be2 Bc6 17. Qd2 Be8 18. b3 b5 19. a4 Rc8 20. axb5 Bxb5 21.
Ra5 a6 22. bxc4 dxc4 23. Rfa1 Rfd8 24. Bd1 Qc7 25. R5a2 Rb8 26. Qe2 Rb6 27. Bc2
g6 28. Ba4 Qc6 29. Ra3 Rdb8 30. Bd1 Qe4 31. Bc2 Qa8 32. e4 fxe4 33. Bxe4 Bc6
34. Bxc6 Qxc6 35. R1a2 Rb1+ 36. Kf2 Rf8+ 37. Kg3 Rb3 38. Qc2 Qb6 39. Rxa6 Qxd4
40. R2a3 Qe3+ 41. Kh4 Rf4+ 42. g4 Rxg4+ 43. Kxg4 h5+ 0-1

[Event "4NCL Division 2d"]
[Site "Hinckley Island ENG"]
[Date "2015.05.04"]
[Round "11"]
[White "Mackenzie, Colin"]
[Black "Duncan, Patrick"]
[Result "0-1"]
[WhiteElo "2046"]
[BlackElo "2013"]
[PlyCount "67"]
[EventDate "2015.05.04"]
[WhiteTeam "Kings Head"]
[BlackTeam "Brown Jack Witney"]

1. c4 Nf6 2. g3 c6 3. Bg2 d5 4. Nf3 Bf5 5. cxd5 cxd5 6. d4 Bxb1 7. Rxb1 Qa5+ 8.
Bd2 Qxa2 9. O-O Nc6 10. b4 Qc4 11. Rc1 Qb5 12. Rc5 Qb6 13. Qa4 e6 14. Rb5 Qc7
15. Bf4 Qd7 16. Ne5 Nxe5 17. dxe5 a6 18. Ra1 Rb8 19. Qxa6 bxa6 20. Rxb8+ Ke7
21. exf6+ gxf6 22. Rxa6 Bg7 23. Rbb6 Rc8 24. Bd6+ Ke8 25. Bc5 Bf8 26. Ra5 Bxc5
27. bxc5 Kf8 28. e3 Qc7 29. Bf1 Rb8 30. Rab5 Ra8 31. Rb7 Qe5 32. Rb1 Ra2 33.
Bb5 d4 34. c6 0-1

[Event "4NCL Division 2d"]
[Site "Hinckley Island ENG"]
[Date "2015.05.04"]
[Round "11.1"]
[White "Bourne, Johnathan"]
[Black "Gilfillan, Andrew"]
[Result "1-0"]
[WhiteElo "1967"]
[BlackElo "2087"]
[PlyCount "105"]
[EventDate "2015.05.04"]
[WhiteTeam "Brown Jack Witney"]
[BlackTeam "Kings Head"]

1. e4 c5 2. Nc3 Nc6 3. Bb5 Nd4 4. Bc4 g6 5. Nge2 Bg7 6. d3 d6 7. Nxd4 cxd4 8.
Ne2 e6 9. O-O Ne7 10. Bg5 Bd7 11. Bb3 h6 12. Bxe7 Qxe7 13. f4 O-O 14. Qd2 Bc6
15. Rae1 a5 16. a3 Kh7 17. Kh1 b5 18. Ng1 Qb7 19. Nf3 b4 20. axb4 a4 21. Ba2 a3
22. bxa3 Rxa3 23. Bb3 Rfa8 24. Rb1 R8a7 25. h3 Qb8 26. Qf2 Ba8 27. b5 Qb6 28.
f5 gxf5 29. exf5 e5 30. f6 Bxf6 31. Nxd4 Bg7 32. Nc6 Qxf2 33. Rxf2 Ra1 34. Rff1
Rxb1 35. Rxb1 Rc7 36. Bd5 f5 37. b6 Rxc6 38. Bxc6 Bxc6 39. b7 Bxb7 40. Rxb7 Kg6
41. Kg1 e4 42. dxe4 fxe4 43. Kf2 Be5 44. Ke2 Kf5 45. Rf7+ Ke6 46. Rb7 Kf5 47.
Rb5 Kf4 48. c4 Bg7 49. Rd5 Be5 50. g3+ Kf5 51. Ke3 h5 52. g4+ hxg4 53. hxg4+
1-0

[Event "4NCL Division 2d"]
[Site "Hinckley Island ENG"]
[Date "2015.05.04"]
[Round "11.2"]
[White "Zhang, Harvey Y"]
[Black "Tomboline, David"]
[Result "1/2-1/2"]
[WhiteElo "1689"]
[BlackElo "1973"]
[PlyCount "63"]
[EventDate "2015.05.04"]
[WhiteTeam "Kings Head"]
[BlackTeam "Brown Jack Witney"]

1. d4 d5 2. Nf3 Nf6 3. c4 c6 4. Nc3 dxc4 5. a4 Bf5 6. e3 e6 7. Bxc4 Bb4 8. O-O
O-O 9. Qe2 Bg4 10. Na2 Be7 11. Rd1 Qa5 12. b3 Qh5 13. h3 Bxf3 14. Qxf3 Qxf3 15.
gxf3 a5 16. Bb2 Na6 17. e4 Nb4 18. Nxb4 Bxb4 19. Ba3 Bxa3 20. Rxa3 Rfd8 21. Ra2
Rd7 22. Rad2 Rad8 23. Kf1 Nh5 24. Kg2 g6 25. d5 exd5 26. exd5 cxd5 27. Kh2 d4
28. Re1 Kf8 29. Re5 b6 30. h4 Ng7 31. Kh3 h5 32. Rd1 1/2-1/2

[Event "4NCL Division 2d"]
[Site "Hinckley Island ENG"]
[Date "2015.05.04"]
[Round "11.5"]
[White "Lewis, Andrew"]
[Black "Thompson, Ian D"]
[Result "1-0"]
[WhiteElo "2256"]
[BlackElo "2202"]
[PlyCount "63"]
[EventDate "2015.05.04"]
[WhiteTeam "Anglian Avengers 1"]
[BlackTeam "BCM Dragons [1]"]

1. c4 c5 2. Nf3 Nc6 3. Nc3 g6 4. e3 Nf6 5. d4 d5 6. dxc5 e6 7. a3 Bxc5 8. b4
Be7 9. Bb2 O-O 10. Qc2 dxc4 11. Bxc4 a6 12. h4 e5 13. h5 Bf5 14. e4 Bg4 15.
hxg6 hxg6 16. Nd5 Bxf3 17. gxf3 Nxd5 18. Bxd5 Rc8 19. Qd2 g5 20. f4 Nd4 21.
Bxd4 exd4 22. Qe2 Qc7 23. Kf1 Qc3 24. Rd1 d3 25. Rxd3 Qg7 26. fxg5 Rc1+ 27. Kg2
Rfc8 28. Qg4 R8c3 29. g6 Rxh1 30. gxf7+ Kf8 31. Qxg7+ Kxg7 32. Rxc3 1-0

[Event "4NCL Division 2d"]
[Site "Hinckley Island ENG"]
[Date "2015.05.04"]
[Round "11.6"]
[White "Tavares, Shawn P"]
[Black "Talsma, Paul"]
[Result "1/2-1/2"]
[WhiteElo "2110"]
[BlackElo "2210"]
[PlyCount "44"]
[EventDate "2015.05.04"]
[WhiteTeam "BCM Dragons [1]"]
[BlackTeam "Anglian Avengers 1"]

1. c4 f5 2. g3 Nf6 3. Bg2 g6 4. Nc3 Bg7 5. d3 O-O 6. e3 d6 7. Nge2 e5 8. O-O c6
9. d4 Na6 10. Rb1 e4 11. b4 Nc7 12. b5 cxb5 13. Nxb5 Nxb5 14. Rxb5 b6 15. Ba3
Rf7 16. Nf4 g5 17. Nh5 Nxh5 18. Qxh5 Be6 19. Rc1 Rc7 20. g4 Bf7 21. Qh3 Bxc4
22. Rxf5 d5 1/2-1/2

[Event "4NCL Division 2d"]
[Site "Hinckley Island ENG"]
[Date "2015.05.04"]
[Round "11.7"]
[White "Spence, David"]
[Black "Fegan, Chris"]
[Result "1-0"]
[WhiteElo "2230"]
[BlackElo "2097"]
[PlyCount "80"]
[EventDate "2015.05.04"]
[WhiteTeam "Anglian Avengers 1"]
[BlackTeam "BCM Dragons [1]"]

1. e4 g6 2. d4 Bg7 3. c3 d6 4. Nf3 Nc6 5. Bb5 a6 6. Ba4 b5 7. Bb3 Nf6 8. Nbd2
O-O 9. e5 dxe5 10. dxe5 Nh5 11. e6 Bxe6 12. Bxe6 fxe6 13. O-O Nf4 14. Ne4 Qd5
15. Bxf4 Rxf4 16. Neg5 Rf5 17. Qe2 Ne5 18. Rfd1 Nxf3+ 19. Nxf3 Qc6 20. Re1 e5
21. Nd2 Raf8 22. Ne4 Qb6 23. Rad1 Rf4 24. Kh1 h6 25. f3 g5 26. Qd3 Qe6 27. Nc5
Qxa2 28. b3 R4f6 29. Ra1 Qb2 30. Reb1 Qf2 31. Ne4 Qb6 32. Nxf6+ exf6 33. Qg6
Qc6 34. c4 bxc4 35. bxc4 Ra8 36. Rd1 Kf8 37. Ra5 Qxc4 38. Rad5 Re8 39. Rd7 Qg8
40. Rxc7 Rc8 1-0

[Event "4NCL Division 2d"]
[Site "Hinckley Island ENG"]
[Date "2015.05.04"]
[Round "11.8"]
[White "Purdon, Colin"]
[Black "Player, Edmund"]
[Result "0-1"]
[WhiteElo "2057"]
[BlackElo "2217"]
[PlyCount "158"]
[EventDate "2015.05.04"]
[WhiteTeam "BCM Dragons [1]"]
[BlackTeam "Anglian Avengers 1"]

1. d4 Nf6 2. c4 g6 3. Nc3 d5 4. cxd5 Nxd5 5. Bd2 Bg7 6. e4 Nb6 7. Be3 O-O 8.
Be2 Nc6 9. d5 Ne5 10. Qb3 c6 11. Nf3 cxd5 12. exd5 Bg4 13. Nxe5 Bxe2 14. Nxf7
Bxc3+ 15. bxc3 Rxf7 16. Kxe2 Qxd5 17. Bxb6 Qh5+ 18. f3 axb6 19. Rad1 Qe5+ 20.
Kf1 Qc5 21. Rd3 Ra3 22. Qb2 Qa5 23. Rd2 Rxc3 24. Ke2 Qe5+ 25. Kd1 Rf8 26. Re1
Qc5 27. Rc2 Qd4+ 28. Kc1 Rxc2+ 29. Qxc2 Qf4+ 30. Kb1 Qxh2 31. Rxe7 Qg1+ 32. Qc1
Qxc1+ 33. Kxc1 Rf7 34. Re6 Rd7 35. Rxb6 Kg7 36. Kc2 Kh6 37. Rb5 Kg7 38. Rb6 h5
39. a4 Kh6 40. a5 Rd5 41. Rxb7 Rxa5 42. Kd3 Ra2 43. Ke3 Rxg2 44. f4 h4 45. Rb5
Rg3+ 46. Kf2 Ra3 47. Kg2 Rc3 48. Rg5 h3+ 49. Kh2 Rf3 50. Rg4 Kg7 51. f5 Rxf5
52. Kxh3 Rf1 53. Ra4 Kh6 54. Ra5 Rg1 55. Rb5 Ra1 56. Rc5 Ra4 57. Rb5 Kg7 58.
Rc5 Kf6 59. Rb5 Rf4 60. Ra5 Rf5 61. Ra6+ Kg5 62. Kg3 Rb5 63. Ra4 Rb3+ 64. Kg2
Kh5 65. Rc4 Rb5 66. Kg3 Rg5+ 67. Kf3 Rg1 68. Rc5+ Kh4 69. Rc8 Rg3+ 70. Kf2 g5
71. Rc4+ Kh3 72. Rc8 Rg2+ 73. Kf1 g4 74. Rf8 Kh2 75. Rg8 Rg1+ 76. Kf2 g3+ 77.
Kf3 Rf1+ 78. Ke2 Rf2+ 79. Ke1 Kg2 0-1

[Event "4NCL Division 2d"]
[Site "Hinckley Island ENG"]
[Date "2015.05.04"]
[Round "11.9"]
[White "Moore, Graham"]
[Black "Scrimgour, Alan"]
[Result "1-0"]
[WhiteElo "2177"]
[BlackElo "2071"]
[PlyCount "59"]
[EventDate "2015.05.04"]
[WhiteTeam "Anglian Avengers 1"]
[BlackTeam "BCM Dragons [1]"]

1. e4 c5 2. Nf3 e6 3. d4 cxd4 4. Nxd4 Nc6 5. Nc3 Qc7 6. Be2 a6 7. O-O Nf6 8.
Be3 Be7 9. f4 d6 10. Qe1 Nxd4 11. Bxd4 O-O 12. Qg3 b5 13. a3 Bb7 14. Bf3 Rfd8
15. Rad1 Rd7 16. Kh1 Bc6 17. e5 Ne8 18. Qf2 Rb8 19. f5 Bxf3 20. fxe6 Bxg2+ 21.
Kxg2 Bh4 22. Qxh4 fxe6 23. Qf4 h6 24. Kg1 Rbd8 25. Rd3 dxe5 26. Bxe5 Qc5+ 27.
Qe3 Qxe3+ 28. Rxe3 Rd2 29. Rf2 Rxf2 30. Kxf2 1-0

[Event "4NCL Division 2d"]
[Site "Hinckley Island ENG"]
[Date "2015.05.04"]
[Round "11.10"]
[White "Pafura, Godfrey"]
[Black "Gregory, Steve"]
[Result "0-1"]
[WhiteElo "2075"]
[BlackElo "2155"]
[PlyCount "84"]
[EventDate "2015.05.04"]
[WhiteTeam "BCM Dragons [1]"]
[BlackTeam "Anglian Avengers 1"]

1. d4 Nf6 2. Nf3 d6 3. e3 g6 4. c4 Bg7 5. Nc3 O-O 6. Be2 Nbd7 7. O-O e5 8. Qc2
Re8 9. b3 e4 10. Nd2 Qe7 11. Nb5 Nf8 12. a4 a6 13. Nc3 h5 14. Ba3 N8h7 15. Rfc1
Bf5 16. c5 dxc5 17. Bxc5 Qd8 18. a5 g5 19. Na4 g4 20. Ba3 c6 21. Nc4 Bf8 22.
Nab6 Rb8 23. Ne5 Bxa3 24. Rxa3 Ng5 25. b4 Nd5 26. Nxd5 cxd5 27. Rc3 f6 28. Nc6
bxc6 29. Rxc6 Rxb4 30. Qc5 Ra4 31. Rxa6 Ne6 32. Qc6 Ra2 33. Bb5 Rf8 34. Ra7 g3
35. hxg3 Rxa5 36. Rxa5 Qxa5 37. Qxd5 Bg4 38. Rc6 Qe1+ 39. Kh2 Qxf2 40. Bc4 h4
41. Qd6 Kg7 42. Qe7+ Kg6 0-1

[Event "4NCL Division 2d"]
[Site "Hinckley Island ENG"]
[Date "2015.05.04"]
[Round "11.11"]
[White "Bayford, Jim R"]
[Black "Foley, John P"]
[Result "1-0"]
[WhiteElo "2162"]
[BlackElo "1985"]
[PlyCount "31"]
[EventDate "2015.05.04"]
[WhiteTeam "Anglian Avengers 1"]
[BlackTeam "BCM Dragons [1]"]

1. e4 c6 2. d4 d5 3. e5 Bf5 4. Nf3 e6 5. Be2 c5 6. O-O Nc6 7. Be3 Qb6 8. Nc3
cxd4 9. Nxd4 Nxd4 10. Qxd4 Qc7 11. Bb5+ Kd8 12. g4 Bg6 13. f4 h5 14. f5 Bh7 15.
fxe6 fxe6 16. Rxf8+ 1-0

[Event "4NCL Division 2d"]
[Site "Hinckley Island ENG"]
[Date "2015.05.04"]
[Round "11.12"]
[White "Dhemrait, Jagdeep"]
[Black "Peck, Silas"]
[Result "1/2-1/2"]
[WhiteElo "1682"]
[BlackElo "2035"]
[PlyCount "69"]
[EventDate "2015.05.04"]
[WhiteTeam "BCM Dragons [1]"]
[BlackTeam "Anglian Avengers 1"]

1. e4 e5 2. Nf3 Nc6 3. Nc3 Nf6 4. Bc4 Bc5 5. d3 d6 6. h3 h6 7. O-O Na5 8. Bb3
a6 9. Nd5 Nxb3 10. Nxf6+ Qxf6 11. axb3 Be6 12. Be3 g5 13. Bxc5 dxc5 14. Nh2 Qg6
15. f3 O-O 16. Qe1 b6 17. Qg3 f6 18. Kf2 a5 19. Ng4 Rad8 20. h4 Kg7 21. Rh1 Rh8
22. hxg5 hxg5 23. Rh3 Rxh3 24. gxh3 Rh8 25. Rh1 Rh4 26. Kg2 Qh7 27. Qe1 Kf7 28.
Qa1 Ke7 29. Qd1 Qh8 30. Qd2 Kd7 31. Nf2 Kc6 32. c4 Rh7 33. Qc3 Qd8 34. Ng4 Qh8
35. Nf2 1/2-1/2

[Event "4NCL Division 2d"]
[Site "Hinckley Island ENG"]
[Date "2015.05.04"]
[Round "11.16"]
[White "Lock, Gavin R"]
[Black "Green, Andrew D"]
[Result "1/2-1/2"]
[WhiteElo "2160"]
[BlackElo "2147"]
[PlyCount "60"]
[EventDate "2015.05.04"]
[WhiteTeam "Wessex"]
[BlackTeam "KJCA Kings"]

1. d4 Nf6 2. Nf3 g6 3. c4 Bg7 4. Nc3 d5 5. Bg5 Ne4 6. Bh4 Nxc3 7. bxc3 dxc4 8.
Qa4+ Qd7 9. Qxc4 b6 10. e3 Ba6 11. Qb3 Bxf1 12. Kxf1 O-O 13. Ke2 Nc6 14. Rhd1
Na5 15. Qb4 e6 16. Rac1 Rfc8 17. c4 c5 18. dxc5 Qb7 19. cxb6 axb6 20. Kf1 Qa6
21. Qb5 h6 22. Qxa6 Rxa6 23. Rd8+ Rxd8 24. Bxd8 Nc6 25. Bc7 Nb4 26. Rb1 Nd3 27.
Bxb6 Rxa2 28. e4 Rc2 29. Ne1 Nxe1 30. Rxe1 Rxc4 1/2-1/2

[Event "4NCL Division 2d"]
[Site "Hinckley Island ENG"]
[Date "2015.05.04"]
[Round "11.17"]
[White "Sathyanandha, Saravanan"]
[Black "Adaway, William"]
[Result "1-0"]
[WhiteElo "2163"]
[BlackElo "2102"]
[PlyCount "71"]
[EventDate "2015.05.04"]
[WhiteTeam "KJCA Kings"]
[BlackTeam "Wessex"]

1. e4 c5 2. c3 d5 3. exd5 Qxd5 4. d4 e6 5. Nf3 Nf6 6. Be3 cxd4 7. cxd4 Nc6 8.
a3 Be7 9. Nc3 Qd6 10. Be2 O-O 11. O-O Rd8 12. Qb3 a6 13. Rfd1 b5 14. Rac1 Bb7
15. Na4 Nb8 16. Nc5 Bd5 17. Qc3 Nbd7 18. Ne5 Nb6 19. Bf4 Rdc8 20. Qh3 Qd8 21.
Bd3 Na4 22. b4 g6 23. Be2 Qe8 24. Re1 a5 25. Bg4 Nxg4 26. Nxg4 axb4 27. axb4
Nxc5 28. dxc5 Ra4 29. Be5 h5 30. Ne3 Rd8 31. Bc3 Bg5 32. Rcd1 Qc6 33. Qg3 Bh6
34. Qh4 Rf8 35. Qf6 Kh7 36. Rxd5 1-0